Emerging and thrust areas of health care system and hospital administration : (Record no. 38168)

MARC details
000 -LEADER
fixed length control field 00839nam a22002057a 4500
005 - DATE AND TIME OF LATEST TRANSACTION
control field 2010072905555.0
010 ## - LCCN (DPL NO)
LC control number ENG-97317
020 ## - INTERNATIONAL STANDARD BOOK NUMBER
International Standard Book Number 9788184501940
Terms of availability 1800.00
035 ## - SYSTEM CONTROL NUMBER
System control number EN-80850
037 ## - SOURCE OF ACQUISITION
Source of stock number/acquisition DBAD/PUB
082 ## - DEWEY DECIMAL CLASSIFICATION NUMBER
Classification number 362.10954
100 ## - MAIN ENTRY--PERSONAL NAME
Personal name Goel, S.L.
245 ## - TITLE STATEMENT
Title Emerging and thrust areas of health care system and hospital administration :
Remainder of title health care system and hospital administration -4 /
Statement of responsibility, etc by S.L. Goel
260 ## - PUBLICATION, DISTRIBUTION, ETC. (IMPRINT)
Place of publication, distribution, etc New Delhi
Name of publisher, distributor, etc Deep & Deep Publications
Date of publication, distribution, etc 2010
270 ## - ADDRESS
Address F-159, Rajouri Garden,
City New Delhi
Postal code 110027
300 ## - PHYSICAL DESCRIPTION
Extent xi, 407p.:
Other physical details ill.
Dimensions 25cm, (Hb)
500 ## - GENERAL NOTE
General note includes bibliography and index
942 ## - ADDED ENTRY ELEMENTS (KOHA)
Source of classification or shelving scheme Dewey Decimal Classification
Item type English Books
Classification part 362.10954
Call number suffix GOE
Holdings
Withdrawn status Lost status Not for loan Collection code Home library Current library Date acquired Source of acquisition Cost, normal purchase price Full call number Barcode Copy number Cost, replacement price Koha item type
    Not For Loan Non-fiction D.B.Act.Division D.B.Act.Division 29/07/2010 DBAD/PUB 1800.00 362.10954 GOE EN-80850 1 1800.00 English Books

© Delhi Public Library
Hit Counter
free hit counter